Internal combustion engine research : (Record no. 164632)

MARC details
000 -LEADER
fixed length control field 01101aam a2200253 a 4500
008 - FIXED-LENGTH DATA ELEMENTS--GENERAL INFORMATION
fixed length control field
020 ## - INTERNATIONAL STANDARD BOOK NUMBER
International Standard Book Number 0852987595 (pbk.)
049 ## - LOCAL HOLDINGS (OCLC)
Holding library MAIN
090 0# - LOCALLY ASSIGNED LC-TYPE CALL NUMBER (OCLC); LOCAL CALL NUMBER (RLIN)
Classification number (OCLC) (R) ; Classification number, CALL (RLIN) (NR) TJ751 COM
003 - CONTROL NUMBER IDENTIFIER
control field
005 - DATE AND TIME OF LATEST TRANSACTION
control field 20230123134350.0
040 ## - CATALOGING SOURCE
Transcribing agency NUST
111 ## - MAIN ENTRY--MEETING NAME
Meeting name or jurisdiction name as entry element Internal combustion engine research
Date of meeting or treaty signing (1991 January 30-31 :
Location of meeting London, Britain)
245 00 - TITLE STATEMENT
Title Internal combustion engine research :
Remainder of title 30-31 January 1991, in universities, Polytechnics and Colleges /
Statement of responsibility, etc. sponsored by Combustion Engines Group of the Institution of Mechanical Engineers.
260 ## - PUBLICATION, DISTRIBUTION, ETC.
Place of publication, distribution, etc. Cambridge :
Name of publisher, distributor, etc. Published for IMechE by Mechanical Engineering Publications,
Date of publication, distribution, etc. 1991.
300 ## - PHYSICAL DESCRIPTION
Extent 190 p. :
Other physical details ill. ;
Dimensions 30 cm.
440 ## - SERIES STATEMENT/ADDED ENTRY--TITLE
Title Proceedings of the Institution of Mechanical Engineers.
440 ## - SERIES STATEMENT/ADDED ENTRY--TITLE
Title IMechE ;
Volume/sequential designation 1991-1.
504 ## - BIBLIOGRAPHY, ETC. NOTE
Bibliography, etc. note Includes bibliographical references.
650 #0 - SUBJECT ADDED ENTRY--TOPICAL TERM
Topical term or geographic name entry element Internal combustion engines
General subdivision Data processing
-- Congresses.
710 2# - ADDED ENTRY--CORPORATE NAME
Corporate name or jurisdiction name as entry element Institution of Mechanical Engineers (Great Britain).
Subordinate unit Combustion Engines Group.
907 ## - LOCAL DATA ELEMENT G, LDG (RLIN)
a .b10229607
b 08-02-07
c 08-02-07
942 ## - ADDED ENTRY ELEMENTS (KOHA)
Koha item type Ordinary Loan Books
Call number prefix TJ751 COM
Holdings
Date last seen Total Checkouts Full call number Barcode Cost, replacement price Price effective from Koha item type Lost status Source of classification or shelving scheme Damaged status Not for loan Collection Withdrawn status Home library Current library Shelving location Date acquired Cost, normal purchase price
01/23/2023 1 TJ751 COM 92003017182 80.00 01/23/2023 BOOKS   LCC     NFIC   MAIN MAIN GEN 01/23/2023 80.00